ՀՀ Գիտությունների ազգային ակադեմիայի հիմնարար գիտական գրադարան  =   Fundamental Scientific Library of NAS RA

Экономия затрат при инструментальном обслуживании / (Record no. 227322)

MARC details
000 -LEADER
fixed length control field 00862nam a2200217 u 4500
001 - CONTROL NUMBER
control field 000641323
003 - CONTROL NUMBER IDENTIFIER
control field AM-YeHGA
005 - DATE AND TIME OF LATEST TRANSACTION
control field 20250617140826.0
008 - FIXED-LENGTH DATA ELEMENTS--GENERAL INFORMATION
fixed length control field 090312s1987 ||| r 000 0 rus d
040 ## - CATALOGING SOURCE
Original cataloging agency AM-YeHGA
041 0# - LANGUAGE CODE
Language code of text/sound track or separate title rus
090 ## - LOCALLY ASSIGNED LC-TYPE CALL NUMBER (OCLC); LOCAL CALL NUMBER (RLIN)
-- 228865
100 1# - MAIN ENTRY--PERSONAL NAME
Personal name Перский, Юрий Калманович
245 10 - TITLE STATEMENT
Title Экономия затрат при инструментальном обслуживании /
Statement of responsibility, etc. Ю.К. Перский, Е.С. Сапиро, Н.Б. Югова.
260 ## - PUBLICATION, DISTRIBUTION, ETC.
Place of publication, distribution, etc. Москва :
Name of publisher, distributor, etc. Машиностроение,
Date of publication, distribution, etc. 1987.
300 ## - PHYSICAL DESCRIPTION
Extent 85 с. :
Other physical details ил.
504 ## - BIBLIOGRAPHY, ETC. NOTE
Bibliography, etc. note Библиогр.: с. 84
653 0# - INDEX TERM--UNCONTROLLED
Uncontrolled term Инструментальное обслуживание - Экономия затрат
700 1# - ADDED ENTRY--PERSONAL NAME
Personal name Сапиро, Евгений Саулович
700 1# - ADDED ENTRY--PERSONAL NAME
Personal name Югова, Надежда Борисовна
Holdings
Withdrawn status Lost status Damaged status Not for loan Collection Home library Current library Date acquired Total checkouts Full call number Barcode Date last seen Price effective from Koha item type Public note
        General Fundamental Scientific Library Fundamental Scientific Library 29/12/2016   PII/573452 FL0102079 29/12/2016 29/12/2016 Գրքեր / Books 30 Days Loan


ՀՀ ԳԱԱ հիմնարար գիտական գրադարան
ՀՀ,Երևան 0019
Մարշալ Բաղրամյան 24/6
հեռախոս:(374-10) 52-47-50
Հետադարձ կապ

All site content, except where otherwise noted, is licensed under a
Creative Commons License